Developmental psychology : childhood and adolescence
Saved in:
| Main Author: | |
|---|---|
| Format: | Book |
| Language: | English |
| Published: |
Pacific Grove :
Brooks/Cole,
1999
|
| Edition: | 5th ed. |
| Subjects: | |
| Tags: |
Add Tag
No Tags, Be the first to tag this record!
|
MARC
| LEADER | 00000nam a2200000 i 4500 | ||
|---|---|---|---|
| 001 | 1/96993 | ||
| 008 | 000117s1999 eng d | ||
| 020 | |a 0-534-26436-0 |c 22.95 | ||
| 035 | |l 10055970 | ||
| 040 | |a GR-MY-UA |b gre |e aacr | ||
| 041 | 0 | |a eng | |
| 082 | 0 | |a 155.4 | |
| 100 | 1 | |a Shaffer, David R. |q (David Reed) |d 1946- | |
| 245 | 1 | 0 | |a Developmental psychology : |b childhood and adolescence / |c David R. Shaffer |
| 250 | |a 5th ed. | ||
| 260 | |a Pacific Grove : |b Brooks/Cole, |c 1999 | ||
| 300 | |a 1 v. (various pagings); |b ill.; |c 29 cm. | ||
| 650 | 0 | 0 | |a Child psychology. |
| 650 | 0 | 0 | |a Adolescent psychology. |
| 852 | |a INST |b RHODES |e 20000117 |h 155.4 SHA |p 005400012199 |q 005400012199 |t BK |y 0 | ||
| 901 | |a BIBL4-2000-1 | ||
| 909 | |a Ρ |b 068569 | ||
| 922 | |a 4ΕΛΗ |b 199909 |c ΚΠΣ/154 |d GLORY BOOKS | ||
| 950 | |a 154-1999-07-29 | ||
| 970 | |a ΚΟΥΛΑΚΙΟΤΗ |b ΛΙΤΣΑ |z 2000/01/17 | ||